000 00342nam a22001217a 4500
040 _cSY
082 _a630
100 _aង៉ូ ឈន់
245 _aការធ្វើជីដោយគ្រឿងយន្តសំរាប់ដំណាំថ្នាំជក់
260 _aRUA
_bង៉ូ
_c1994
300 _a74p.
942 _cKB
999 _c9617
_d9617